00557nam a2200181Ia 450000500170000000800410001704000190005804100120007708200130008910000230010224500630012526000420018830000180023085000100024894200070025899900160026595200940028120230131100049.0131103s9999 xx 000 0 und d aLoreto College aEnglish a880bPAR aGoodrich,Samuel G. aPeter Parley's tales of Greece and RomecSamuel G.Goodrich aLondonbThe German Pub. Co.c[19 - ?] a224 p.b ill. aLCLIB cBK c5475d55954 00102ddc4070aMAINbMAINd2013-11-04l0o880 PAR pB5342r2013-11-04w2013-11-04yBKf